Pensamiento administrativo y realidad social: tensiones y contradicciones de la reforma y modernización del sector público nicaragüense /
Enregistré dans:
| Auteur principal: | |
|---|---|
| Format: | Texte |
| Tags: |
Ajouter un tag
Pas de tags, Soyez le premier à ajouter un tag!
|
MARC
| LEADER | 00000 a a2200000 04500 | ||
|---|---|---|---|
| 001 | 14058 | ||
| 003 | |||
| 040 | |||
| 100 | |a Pérez Maldonado, Fremi | ||
| 245 | |a Pensamiento administrativo y realidad social: |b tensiones y contradicciones de la reforma y modernización del sector público nicaragüense / |c Fremi Pérez Maldonado | ||
| 773 | |g número 28 -29; páginas 79-96 | ||
| 999 | |c 22776 |d 22776 | ||
